[Event "Guadalajara Peoneros op 1st"]
[Site "Guadalajara"]
[Date "2020.02.01"]
[Round "4"]
[White "Ramirez Espinoza, Sergio Leonardo"]
[Black "Barajas Olguin, Jorge Aldhair"]
[Result "0-1"]
[WhiteElo "998"]
[BlackElo "1683"]
[PlyCount "74"]
[EventDate "2020.01.11"]
[EventType "swiss"]
[EventRounds "5"]
[EventCountry "MEX"]
[SourceTitle "CBM 195 Extra"]
[Source "ChessBase"]
[SourceDate "2020.05.31"]
[SourceVersion "1"]
[SourceVersionDate "2020.05.31"]
[SourceQuality "1"]

1. d4 d5 2. c4 c6 3. Nc3 Nf6 4. e3 dxc4 5. Nf3 Bg4 6. Bxc4 e6 7. Bd2 Be7 8. Be2 0-0 9. 0-0 Nbd7 10. h3 Bh5 11. Re1 Qc7 12. Nh2 Bg6 13. Nf3 Rfd8 14. Qc1 Nb6 15. Ne5 Bf5 16. Bd3 Bxd3 17. Nxd3 Rac8 18. Ne5 c5 19. dxc5 Bxc5 20. Nf3 Qe7 21. e4 Rd3 22. e5 Nfd5 23. Kh1 Nxc3 24. bxc3 Rxf3 25. gxf3 Bxf2 26. Rf1 Qh4 27. Rxf2 Qxf2 28. Qd1 Rd8 29. Qe1 Rxd2 30. Qxf2 Rxf2 31. Rd1 g6 32. Rd3 Rxa2 33. Rd8+ Kg7 34. Rb8 Nc4 35. Rxb7 Nxe5 36. f4 Nf3 37. Rxa7 Rh2# 0-1